Promotion of distance education through internet learning technology: major impediments (Record no. 81814)

000 -LEADER
fixed length control field 00414pab a2200157 454500
008 - FIXED-LENGTH DATA ELEMENTS--GENERAL INFORMATION
fixed length control field 180718b2009 xxu||||| |||| 00| 0 eng d
100 ## - MAIN ENTRY--PERSONAL NAME
Personal name Pradeep M.
245 ## - TITLE STATEMENT
Title Promotion of distance education through internet learning technology: major impediments
260 ## - PUBLICATION, DISTRIBUTION, ETC.
Date of publication, distribution, etc. 2009
300 ## - PHYSICAL DESCRIPTION
Extent p.12-20.
362 ## - DATES OF PUBLICATION AND/OR SEQUENTIAL DESIGNATION
Dates of publication and/or sequential designation 16 Mar
650 ## - SUBJECT ADDED ENTRY--TOPICAL TERM
Topical term or geographic name entry element Distance education
773 ## - HOST ITEM ENTRY
Main entry heading University News
908 ## - PUT COMMAND PARAMETER (RLIN)
Put command parameter N
909 ## -
-- 81814
Holdings
Withdrawn status Lost status Damaged status Not for loan Permanent Location Current Location Date acquired Serial Enumeration / chronology Barcode Date last seen Price effective from Koha item type
        Indian Institute of Public Administration Indian Institute of Public Administration 2018-07-19 Volume no: 47, Issue no: 11 AR82274 2018-07-19 2018-07-19 Articles

Powered by Koha